[Event "Guillermo Garcia Memorial op"]
[Site "Santa Clara"]
[Date "2022.05.09"]
[Round "9"]
[White "Navarro Herrera, Leinier Alcides"]
[Black "Rodriguez Basulto, Reyson Ricardo"]
[Result "1-0"]
[WhiteElo "1965"]
[BlackElo "2305"]
[PlyCount "115"]
[EventDate "2022.04.30"]
[EventType "swiss"]
[EventRounds "9"]
[EventCountry "CUB"]
[SourceTitle "CBM 208 Extra"]
[Source "ChessBase"]
[SourceDate "2022.07.31"]
[SourceVersion "1"]
[SourceVersionDate "2022.07.31"]
[SourceQuality "1"]

1. e4 c5 2. Nf3 d6 3. Bb5+ Nd7 4. d4 cxd4 5. Qxd4 a6 6. Bxd7+ Bxd7 7. c4 e5 8. Qd3 b5 9. Nc3 bxc4 10. Qxc4 Be6 11. Qd3 Qc7 12. b3 Rc8 13. Bd2 Qb7 14. 0-0 h6 15. Rfd1 Nf6 16. Ne1 Be7 17. Nc2 0-0 18. Ne3 Rfd8 19. Be1 Nd7 20. f3 Nc5 21. Qe2 Bd7 22. Ned5 Bf8 23. Bh4 Re8 24. Rac1 Ne6 25. Bf2 Rc6 26. Be3 Rec8 27. Qf2 f6 28. g4 Ng5 29. Kg2 Be6 30. Qd2 Qf7 31. Nb4 R6c7 32. Bxg5 fxg5 33. Nxa6 Rb7 34. Nd5 Rxc1 35. Rxc1 Qd7 36. Nac7 Bf7 37. b4 Qa4 38. b5 h5 39. h3 hxg4 40. hxg4 Bg6 41. Qc2 Qa7 42. b6 Qa5 43. Ne6 Qxd5 44. exd5 Bxc2 45. Rxc2 Rxb6 46. Rc8 Kf7 47. Rxf8+ Ke7 48. Ra8 Rb5 49. Ra7+ Kf6 50. Nc7 Rb8 51. a4 e4 52. fxe4 Ke5 53. a5 Kxe4 54. a6 Rb2+ 55. Kf1 Kf3 56. Rb7 Ra2 57. Ke1 Ra1+ 58. Kd2 1-0

[Event "Guillermo Garcia Memorial op"]
[Site "Santa Clara"]
[Date "2022.05.02"]
[Round "3"]
[White "Diaz Garcia, Lianet"]
[Black "Navarro Herrera, Leinier Alcides"]
[Result "1-0"]
[WhiteElo "2107"]
[BlackElo "1965"]
[PlyCount "75"]
[EventDate "2022.04.30"]
[EventType "swiss"]
[EventRounds "9"]
[EventCountry "CUB"]
[SourceTitle "CBM 208 Extra"]
[Source "ChessBase"]
[SourceDate "2022.07.31"]
[SourceVersion "1"]
[SourceVersionDate "2022.07.31"]
[SourceQuality "1"]

1. d4 Nf6 2. Bg5 c5 3. d5 Qb6 4. Bc1 g6 5. c4 Bg7 6. Nc3 d6 7. e4 0-0 8. Nf3 e6 9. Be2 exd5 10. cxd5 Re8 11. Nd2 Qd8 12. 0-0 Bd7 13. Qc2 Na6 14. Bxa6 bxa6 15. a4 Rb8 16. Qd3 Bc8 17. Nc4 Rb3 18. f3 Nh5 19. g4 Bd4+ 20. Kh1 Ng7 21. Qc2 Rb4 22. Ne2 Bf6 23. Bf4 Be7 24. Bd2 Rb8 25. Ba5 Qd7 26. Bc3 Bb7 27. Rad1 h5 28. h3 Kh7 29. e5 Rh8 30. Kg2 Rhe8 31. Nf4 hxg4 32. hxg4 dxe5 33. Bxe5 Rbd8 34. Rh1+ Kg8 35. Rh3 f5 36. Nxg6 fxg4 37. Nxe7+ Qxe7 38. Qh7+ 1-0

[Event "Guillermo Garcia Memorial op"]
[Site "Santa Clara"]
[Date "2022.05.01"]
[Round "2"]
[White "Navarro Herrera, Leinier Alcides"]
[Black "Diaz Osorio, Ana Carolina"]
[Result "1-0"]
[WhiteElo "1965"]
[BlackElo "1648"]
[PlyCount "69"]
[EventDate "2022.04.30"]
[EventType "swiss"]
[EventRounds "9"]
[EventCountry "CUB"]
[SourceTitle "CBM 208 Extra"]
[Source "ChessBase"]
[SourceDate "2022.07.31"]
[SourceVersion "1"]
[SourceVersionDate "2022.07.31"]
[SourceQuality "1"]

1. Nf3 d5 2. g3 Nf6 3. Bg2 e6 4. d4 Nc6 5. b3 Bd6 6. Bb2 0-0 7. 0-0 Re8 8. c4 b6 9. a3 Bb7 10. Qc2 e5 11. cxd5 Nxd5 12. dxe5 Nxe5 13. Rd1 Ng4 14. e4 Nde3 15. Qc3 Be5 16. Rxd8 Raxd8 17. Qe1 Nxg2 18. Qc1 Bxe4 19. Kxg2 Bxb2 20. Qxb2 Ne5 21. Nbd2 Rxd2 22. Qxd2 Nxf3 23. Qc3 g5 24. g4 Nd4+ 25. Kf1 Nf3 26. Qxc7 Nd2+ 27. Kg1 Nf3+ 28. Kg2 Nd4+ 29. f3 Nxf3 30. Kf2 Ne5 31. Rd1 Nxg4+ 32. Kg3 Bf5 33. Rd8 Nf6 34. Rxe8+ Nxe8 35. Qe7 1-0

[Event "Cienfuegos Province-ch final"]
[Site "Cienfuegos"]
[Date "2018.10.23"]
[Round "8"]
[White "Navarro Herrera, Leinier Alcides"]
[Black "Tanda Pretel, Rafael Antonio"]
[Result "1/2-1/2"]
[WhiteElo "1879"]
[BlackElo "1774"]
[PlyCount "39"]
[EventDate "2018.10.15"]
[EventType "tourn"]
[EventRounds "9"]
[EventCountry "CUB"]
[SourceTitle "EXT 2021"]
[Source "ChessBase"]
[SourceDate "2020.10.23"]
[SourceVersion "1"]
[SourceVersionDate "2020.10.23"]
[SourceQuality "1"]

1. e4 c6 2. d4 d5 3. exd5 cxd5 4. Bd3 Nc6 5. c3 Qc7 6. Bg5 Nf6 7. Nd2 Bg4 8. Qb3 e6 9. Ngf3 Be7 10. 0-0 0-0 11. Bh4 Rab8 12. Rfe1 a6 13. Ne5 Bh5 14. Bg3 Bd6 15. a4 Nd7 16. Ndf3 Bxf3 17. Nxf3 Bxg3 18. hxg3 Nf6 19. Ne5 Na5 20. Qc2 1/2-1/2

[Event "Francisco Martinez 8th tt"]
[Site "Santa Clara"]
[Date "2018.08.20"]
[Round "9.2"]
[White "Figueredo Dominguez, Reinaldo R"]
[Black "Navarro Herrera, Leinier Alcides"]
[Result "1/2-1/2"]
[WhiteElo "1922"]
[BlackElo "1879"]
[PlyCount "61"]
[EventDate "2018.08.16"]
[EventType "team-tourn"]
[EventRounds "10"]
[EventCountry "CUB"]
[EventCategory "8"]
[SourceTitle "EXT 2021"]
[Source "ChessBase"]
[SourceDate "2020.10.23"]
[SourceVersion "1"]
[SourceVersionDate "2020.10.23"]
[SourceQuality "1"]

1. e4 c5 2. Nf3 Nc6 3. Bb5 e6 4. 0-0 Nge7 5. Re1 Ng6 6. c3 a6 7. Bf1 Be7 8. d4 cxd4 9. cxd4 d5 10. e5 0-0 11. Nc3 f6 12. exf6 Bxf6 13. Be3 b5 14. Qd2 Nh4 15. Nxh4 Bxh4 16. g3 Bf6 17. Bg2 Qb6 18. Rad1 Bd7 19. h4 Rac8 20. Bh3 Qd8 21. Bg2 Qb6 22. Bh3 Qd8 23. Bg2 Na5 24. b3 Nc6 25. h5 Qb6 26. h6 g6 27. Bh3 Qd8 28. Ne2 Kh8 29. Bf4 Kg8 30. Bg2 Be7 31. Rf1 1/2-1/2

[Event "Agosto de Victorias op"]
[Site "Mayabeque"]
[Date "2018.08.07"]
[Round "7"]
[White "Gonzalez Munoz, Ariel"]
[Black "Navarro Herrera, Leinier Alcides"]
[Result "1-0"]
[WhiteElo "2120"]
[BlackElo "1879"]
[PlyCount "59"]
[EventDate "2018.08.04"]
[EventType "swiss"]
[EventRounds "9"]
[EventCountry "CUB"]
[SourceTitle "EXT 2021"]
[Source "ChessBase"]
[SourceDate "2020.10.23"]
[SourceVersion "1"]
[SourceVersionDate "2020.10.23"]
[SourceQuality "1"]

1. e4 c5 2. Nf3 Nc6 3. Nc3 g6 4. d4 cxd4 5. Nxd4 Bg7 6. Be3 Nf6 7. Bc4 Qa5 8. 0-0 0-0 9. Nb3 Qd8 10. f4 d6 11. h3 Nd7 12. Qe1 Nc5 13. Rd1 Bxc3 14. bxc3 Nxe4 15. Bc1 Nf6 16. Nd4 Bd7 17. f5 Nxd4 18. cxd4 Bxf5 19. Bh6 Bxc2 20. Rd2 Ba4 21. Qh4 Re8 22. Bg5 d5 23. Bd3 Rc8 24. Rdf2 Rc3 25. Bb1 Bd7 26. Rxf6 Be6 27. Rxe6 fxe6 28. Rf7 h5 29. Bxg6 Qb6 30. Rf4 1-0

[Event "Agosto de Victorias op"]
[Site "Mayabeque"]
[Date "2018.08.06"]
[Round "5"]
[White "Navarro Herrera, Leinier Alcides"]
[Black "Rodriguez Godoy, Ruben Adolfo"]
[Result "0-1"]
[WhiteElo "1879"]
[BlackElo "1883"]
[PlyCount "112"]
[EventDate "2018.08.04"]
[EventType "swiss"]
[EventRounds "9"]
[EventCountry "CUB"]
[SourceTitle "EXT 2021"]
[Source "ChessBase"]
[SourceDate "2020.10.23"]
[SourceVersion "1"]
[SourceVersionDate "2020.10.23"]
[SourceQuality "1"]

1. e4 c5 2. Nf3 e6 3. d4 cxd4 4. Nxd4 a6 5. Bd3 Qc7 6. 0-0 Nf6 7. Nc3 b5 8. a3 Bb7 9. Qe2 d6 10. Nb3 Be7 11. f4 Nbd7 12. Be3 h5 13. Bd4 e5 14. fxe5 Nxe5 15. Bxe5 dxe5 16. Qf3 0-0 17. Nd5 Nxd5 18. exd5 g6 19. Be4 Qd6 20. Qg3 Bxd5 21. Bxd5 Qxd5 22. Rad1 Qe6 23. Kh1 Rad8 24. Rde1 Rd5 25. Qe3 Kg7 26. Qf3 f5 27. Qe3 Rc8 28. Nd4 Qf6 29. Nf3 e4 30. Nd2 Qd4 31. Qxd4+ Rxd4 32. Nb3 Rd5 33. c3 Rcd8 34. Nd4 R8d6 35. Kg1 a5 36. Rd1 Bf6 37. Ne6+ Kf7 38. Rxd5 Rxd5 39. Nf4 Rd2 40. b4 Bxc3 41. bxa5 Bxa5 42. Rb1 Bb6+ 43. Kh1 Bc7 44. Nh3 Bd6 45. Kg1 Bxa3 46. Rxb5 Rb2 47. Ra5 Bb4 48. Ra6 Bd2 49. Kf1 Be3 50. Rc6 g5 51. Rh6 g4 52. Rxh5 Kg6 53. Rh8 gxh3 54. Rxh3 f4 55. Rh4 f3 56. gxf3 exf3 0-1

[Event "Agosto de Victorias op"]
[Site "Mayabeque"]
[Date "2018.08.04"]
[Round "2"]
[White "De la Torre Rodriguez, Elizabeth"]
[Black "Navarro Herrera, Leinier Alcides"]
[Result "1-0"]
[WhiteElo "2055"]
[BlackElo "1879"]
[PlyCount "115"]
[EventDate "2018.08.04"]
[EventType "swiss"]
[EventRounds "9"]
[EventCountry "CUB"]
[SourceTitle "EXT 2021"]
[Source "ChessBase"]
[SourceDate "2020.10.23"]
[SourceVersion "1"]
[SourceVersionDate "2020.10.23"]
[SourceQuality "1"]

1. d4 Nf6 2. Nf3 e6 3. Bg5 c5 4. e3 Qb6 5. Qc1 Nc6 6. c3 d5 7. Bd3 Bd7 8. Nbd2 Rc8 9. Qb1 h6 10. Bh4 Nh5 11. Bg6 Nf6 12. Ne5 Nxe5 13. dxe5 Ng8 14. Bd3 Bb5 15. 0-0 Ne7 16. c4 Bd7 17. f4 Nc6 18. cxd5 exd5 19. Bf5 Nb8 20. Nf3 Bxf5 21. Qxf5 Qe6 22. Qc2 Nd7 23. f5 Qc6 24. Rad1 Be7 25. Bxe7 Kxe7 26. Rd2 Nb6 27. Rdf2 Nc4 28. Qe2 Nb6 29. Nh4 Nd7 30. Qh5 Rcf8 31. f6+ gxf6 32. Rxf6 Nxf6 33. Rxf6 Qa4 34. Nf5+ Kd8 35. Nd6 Qc2 36. Nxf7+ Rxf7 37. Qxf7 Qc1+ 38. Kf2 Qxb2+ 39. Kf3 Qxe5 40. Re6 Qa1 41. Qe7+ Kc8 42. Qxc5+ Kb8 43. Qd6+ Ka8 44. Kg3 Qe1+ 45. Kh3 Rg8 46. Qe5 a6 47. Qxd5 Qe2 48. Rxa6+ Qxa6 49. Qxg8+ Ka7 50. Qd5 Qg6 51. e4 h5 52. Qa5+ Kb8 53. Qf5 Qe8 54. e5 Qb5 55. Qe4 Qb2 56. e6 Qc3+ 57. g3 Qc8 58. Kg2 1-0

[Event "CUB Province-chT Schools 54th"]
[Site "Santa Clara"]
[Date "2018.07.17"]
[Round "9.6"]
[White "Gomez Almeida, Frank Luis"]
[Black "Navarro Herrera, Leinier Alcides"]
[Result "1/2-1/2"]
[WhiteElo "1880"]
[BlackElo "1894"]
[PlyCount "90"]
[EventDate "2018.07.13"]
[EventType "team-swiss"]
[EventRounds "9"]
[EventCountry "CUB"]
[SourceTitle "CBM 195 Extra"]
[Source "ChessBase"]
[SourceDate "2020.05.31"]
[SourceVersion "1"]
[SourceVersionDate "2020.05.31"]
[SourceQuality "1"]
[WhiteTeam "Mayabeque"]
[BlackTeam "Cienfuegos"]
[WhiteTeamCountry "CUB"]
[BlackTeamCountry "CUB"]

1. e4 c5 2. Nf3 Nc6 3. d4 cxd4 4. Nxd4 g6 5. Nc3 Bg7 6. Be3 Nf6 7. Bc4 Qa5 8. 0-0 0-0 9. Bb3 d6 10. h3 Bd7 11. Qd2 Nxd4 12. Bxd4 Nxe4 13. Nxe4 Qxd2 14. Nxd2 Bxd4 15. c3 Bg7 16. Rfe1 Rfe8 17. Rad1 Rac8 18. Ne4 h6 19. Rd3 Bc6 20. Rdd1 b5 21. a3 Kf8 22. Bd5 a5 23. Re2 b4 24. cxb4 axb4 25. axb4 Bxd5 26. Rxd5 Rb8 27. b5 Rec8 28. Re3 Bxb2 29. Rb3 Be5 30. g3 f5 31. Nd2 e6 32. Rdd3 Rc5 33. f4 Bf6 34. Rxd6 Ke7 35. Rdd3 Rcxb5 36. Rxb5 Rxb5 37. Kg2 Rd5 38. Rxd5 exd5 39. Kf3 g5 40. Nf1 Ke6 41. g4 fxg4+ 42. Kxg4 h5+ 43. Kf3 Kd6 44. Ne3 d4 45. Nf5+ Kc5 1/2-1/2

[Event "CUB Province-chT Schools 54th"]
[Site "Santa Clara"]
[Date "2018.07.14"]
[Round "3.8"]
[White "Villalon Toledano, Saily"]
[Black "Navarro Herrera, Leinier Alcides"]
[Result "0-1"]
[WhiteElo "1720"]
[BlackElo "1894"]
[PlyCount "44"]
[EventDate "2018.07.13"]
[EventType "team-swiss"]
[EventRounds "9"]
[EventCountry "CUB"]
[SourceTitle "CBM 195 Extra"]
[Source "ChessBase"]
[SourceDate "2020.05.31"]
[SourceVersion "1"]
[SourceVersionDate "2020.05.31"]
[SourceQuality "1"]
[WhiteTeam "Guantanamo"]
[BlackTeam "Cienfuegos"]
[WhiteTeamCountry "CUB"]
[BlackTeamCountry "CUB"]

1. e4 c5 2. Nf3 Nc6 3. d4 cxd4 4. Nxd4 g6 5. c4 Bg7 6. Be3 Qb6 7. Nxc6 Qxc6 8. Qc2 Nf6 9. Nd2 Ng4 10. Bf4 Qf6 11. Bg3 Qxb2 12. Qd1 Qxa1 13. Qxa1 Bxa1 14. Be2 d6 15. h3 Nf6 16. 0-0 Bc3 17. Nb3 Nxe4 18. Bf4 Bg7 19. Bf3 Nf6 20. Na5 0-0 21. Nxb7 Bxb7 22. Bxb7 Rab8 0-1

[Event "Capablanca Memorial U15 2nd"]
[Site "Havana"]
[Date "2018.05.17"]
[Round "5"]
[White "Navarro Herrera, Leinier Alcides"]
[Black "Mendez Machado, Andre"]
[Result "1-0"]
[WhiteElo "1913"]
[BlackElo "1475"]
[PlyCount "125"]
[EventDate "2018.05.14"]
[EventType "swiss"]
[EventRounds "7"]
[EventCountry "CUB"]
[SourceTitle "EXT 2021"]
[Source "ChessBase"]
[SourceDate "2020.10.23"]
[SourceVersion "1"]
[SourceVersionDate "2020.10.23"]
[SourceQuality "1"]

1. e4 e5 2. Nf3 Nc6 3. d4 exd4 4. Bc4 Bc5 5. c3 d3 6. b4 Bb6 7. a4 a6 8. Qb3 Qe7 9. 0-0 Nf6 10. a5 Ba7 11. Nbd2 0-0 12. Bxd3 d6 13. Bb2 Ne5 14. Nxe5 dxe5 15. Be2 Rd8 16. Rad1 Bg4 17. Bxg4 Nxg4 18. h3 Nf6 19. Qc4 Ne8 20. Nf3 Nd6 21. Qe2 f6 22. c4 c5 23. Bc3 b5 24. axb6 Bxb6 25. Rd5 Rac8 26. Ra1 Qb7 27. bxc5 Rxc5 28. Qd3 Rxd5 29. cxd5 Ra8 30. Rb1 Qc7 31. Kf1 Qc5 32. Be1 Qc4 33. Qxc4 Nxc4 34. Nd2 Nxd2+ 35. Bxd2 Bc5 36. Ba5 Kf8 37. Rb7 Ra7 38. Rxa7 Bxa7 39. Ke2 Bc5 40. f3 Ke7 41. Kd3 Kd6 42. Kc4 Ba7 43. Bb4+ Kd7 44. Bc5 Bxc5 45. Kxc5 Kc7 46. g3 g5 47. g4 h6 48. Kc4 Kb7 49. Kb4 Kb6 50. Ka4 a5 51. d6 Kc6 52. Kxa5 Kxd6 53. Kb6 Kd7 54. Kb7 Ke7 55. Kc7 Kf7 56. Kd7 Kg6 57. Ke6 Kg7 58. Ke7 Kg6 59. Kf8 h5 60. gxh5+ Kxh5 61. Kf7 Kh4 62. Kxf6 Kxh3 63. Kxg5 1-0

[Event "Universidad de Cienfuegos-B 10th"]
[Site "Cienfuegos"]
[Date "2018.02.25"]
[Round "9"]
[White "Fuentes Perez, Luis Rolando"]
[Black "Navarro Herrera, Leinier Alcides"]
[Result "1/2-1/2"]
[WhiteElo "2066"]
[BlackElo "1956"]
[PlyCount "28"]
[EventDate "2018.02.20"]
[EventType "tourn"]
[EventRounds "10"]
[EventCountry "CUB"]
[SourceTitle "EXT 2021"]
[Source "ChessBase"]
[SourceDate "2020.10.23"]
[SourceVersion "1"]
[SourceVersionDate "2020.10.23"]
[SourceQuality "1"]

1. e4 c5 2. Nf3 Nc6 3. Bb5 e6 4. 0-0 Nge7 5. c3 a6 6. Bd3 Ng6 7. Bc2 Be7 8. d4 cxd4 9. Nxd4 0-0 10. Nxc6 bxc6 11. f4 d5 12. exd5 cxd5 13. Be3 Bb7 14. Qh5 Bf6 1/2-1/2

[Event "Universidad de Cienfuegos-B 10th"]
[Site "Cienfuegos"]
[Date "2018.02.20"]
[Round "1"]
[White "Navarro Herrera, Leinier Alcides"]
[Black "Brito Zamora, Alberto"]
[Result "0-1"]
[WhiteElo "1956"]
[BlackElo "2055"]
[PlyCount "97"]
[EventDate "2018.02.20"]
[EventType "tourn"]
[EventRounds "10"]
[EventCountry "CUB"]
[SourceTitle "EXT 2021"]
[Source "ChessBase"]
[SourceDate "2020.10.23"]
[SourceVersion "1"]
[SourceVersionDate "2020.10.23"]
[SourceQuality "1"]

1. e4 c6 2. d4 d5 3. exd5 cxd5 4. Bd3 Nc6 5. c3 Nf6 6. Bf4 Bg4 7. Qb3 Qc8 8. Nd2 e6 9. Ngf3 Be7 10. 0-0 Bh5 11. Rfe1 Bg6 12. Bxg6 hxg6 13. Ne5 0-0 14. Qd1 a6 15. Qf3 b5 16. Bg5 Qb7 17. Rab1 Rac8 18. Qh3 b4 19. Qh4 Nh7 20. Bxe7 Nxe7 21. Qh3 bxc3 22. bxc3 Qc7 23. Rec1 Rb8 24. Qg3 Rxb1 25. Rxb1 Rc8 26. Rc1 Nf6 27. Qd3 Qa5 28. Qc2 Rb8 29. Nb3 Qa3 30. f3 a5 31. Nd3 Qa4 32. Nbc5 Qb5 33. Qb3 Qe8 34. Qc2 Nf5 35. Kf2 Nd6 36. Rb1 Nc4 37. Rxb8 Qxb8 38. g3 g5 39. h3 Nh5 40. f4 gxf4 41. g4 Nf6 42. Qb3 Qd6 43. Qb7 g5 44. Qa6 Qxa6 45. Nxa6 Ne4+ 46. Kg2 Nxc3 47. Nc1 Ne3+ 48. Kf3 Nc2 49. Nb3 0-1

[Event "Las Tunas 28 de Enero"]
[Site "Las Tunas"]
[Date "2018.01.25"]
[Round "7"]
[White "Figueredo Dominguez, Reinaldo R"]
[Black "Navarro Herrera, Leinier Alcides"]
[Result "1/2-1/2"]
[WhiteElo "1970"]
[BlackElo "1965"]
[PlyCount "47"]
[EventDate "2018.01.25"]
[EventType "tourn"]
[EventRounds "7"]
[EventCountry "CUB"]
[SourceTitle "EXT 2021"]
[Source "ChessBase"]
[SourceDate "2020.10.23"]
[SourceVersion "1"]
[SourceVersionDate "2020.10.23"]
[SourceQuality "1"]

1. e4 e5 2. Nf3 Nc6 3. Bb5 a6 4. Ba4 Nf6 5. d3 Be7 6. c3 0-0 7. 0-0 b5 8. Bb3 Na5 9. Bc2 c5 10. Nbd2 Bb7 11. Re1 Nc6 12. Nf1 d6 13. Ng3 Re8 14. Nf5 Bf8 15. Bg5 g6 16. Ne3 Bg7 17. Nd5 h6 18. Bxf6 Bxf6 19. Nxf6+ Qxf6 20. Qd2 g5 21. h3 Rad8 22. Nh2 Bc8 23. Qe2 Qg6 24. Rad1 1/2-1/2

[Event "Las Tunas 28 de Enero"]
[Site "Las Tunas"]
[Date "2018.01.25"]
[Round "3"]
[White "Torres Martinez, Ernesto"]
[Black "Navarro Herrera, Leinier Alcides"]
[Result "0-1"]
[WhiteElo "1702"]
[BlackElo "1965"]
[PlyCount "66"]
[EventDate "2018.01.25"]
[EventType "tourn"]
[EventRounds "7"]
[EventCountry "CUB"]
[SourceTitle "EXT 2021"]
[Source "ChessBase"]
[SourceDate "2020.10.23"]
[SourceVersion "1"]
[SourceVersionDate "2020.10.23"]
[SourceQuality "1"]

1. e4 c5 2. Nf3 Nc6 3. d4 cxd4 4. Nxd4 g6 5. Nc3 Bg7 6. Be3 Nf6 7. f3 0-0 8. Bc4 Qb6 9. Qd3 Ne5 10. Bxf7+ Rxf7 11. Qb5 Qxb5 12. Ndxb5 b6 13. 0-0 Bb7 14. Rfd1 a6 15. Na3 b5 16. Ne2 d5 17. Bd4 Nc6 18. e5 Ne8 19. e6 Bxd4+ 20. Rxd4 Rf5 21. Rd2 b4 22. Nb1 Nc7 23. Nd4 Re5 24. c3 Nxe6 25. Nxc6 Bxc6 26. cxb4 Re1+ 27. Kf2 Rc1 28. Re2 Bd7 29. Re5 d4 30. Rd5 Bb5 31. Re5 Ng7 32. Rxe7 Rf1+ 33. Kg3 Nf5+ 0-1